[Event "WYCC Open U16"]
[Site "Porto Carras"]
[Date "2015.10.27"]
[Round "3.17"]
[White "Sarana, Alexey"]
[Black "Djurhuus, Eivind X"]
[Result "1-0"]
[BlackElo "2240"]
[WhiteElo "2413"]
[LiveChessVersion "1.4.6"]

1. d4 {[%clk 1:30:55]} e6 {[%clk 1:30:46]} 2. Nf3 {[%clk 1:30:53]} c5
{[%clk 1:29:19]} 3. g3 {[%clk 1:26:43]} cxd4 {[%clk 1:28:58]} 4. Nxd4
{[%clk 1:26:37]} Nc6 {[%clk 1:28:26]} 5. Bg2 {[%clk 1:26:33]} Qb6
{[%clk 1:27:24]} 6. Nb3 {[%clk 1:26:29]} Nf6 {[%clk 1:26:00]} 7. O-O
{[%clk 1:26:17]} Be7 {[%clk 1:24:49]} 8. c4 {[%clk 1:24:41]} O-O {[%clk 1:24:02]}
9. Be3 {[%clk 1:18:49]} Qc7 {[%clk 1:22:59]} 10. Na3 {[%clk 1:18:29]} d6
{[%clk 1:15:31]} 11. Nb5 {[%clk 1:17:10]} Qd8 {[%clk 1:13:59]} 12. Rc1
{[%clk 1:15:02]} a6 {[%clk 1:09:42]} 13. Nc3 {[%clk 1:15:17]} Ng4
{[%clk 1:02:17]} 14. Bf4 {[%clk 1:09:50]} Nge5 {[%clk 0:58:21]} 15. Na4
{[%clk 1:05:12]} Bd7 {[%clk 0:47:55]} 16. c5 {[%clk 1:03:40]} d5 {[%clk 0:45:27]}
17. Nb6 {[%clk 1:03:36]} Ra7 {[%clk 0:43:44]} 18. e4 {[%clk 1:00:42]} dxe4
{[%clk 0:34:11]} 19. Bxe4 {[%clk 0:59:53]} Be8 {[%clk 0:31:30]} 20. Qe2
{[%clk 0:56:48]} Nd7 {[%clk 0:25:55]} 21. Rfd1 {[%clk 0:55:34]} g5
{[%clk 0:22:11]} 22. Be3 {[%clk 0:38:31]} Qc7 {[%clk 0:16:25]} 23. Nxd7
{[%clk 0:36:26]} Bxd7 {[%clk 0:16:35]} 24. Qd2 {[%clk 0:34:57]} Qe5
{[%clk 0:14:03]} 25. Qc2 {[%clk 0:31:04]} Rd8 {[%clk 0:11:43]} 26. Bxh7+
{[%clk 0:31:03]} Kf8 {[%clk 0:10:48]} 27. Be4 {[%clk 0:30:20]} Nb4
{[%clk 0:09:15]} 28. Qc4 {[%clk 0:30:21]} Bc6 {[%clk 0:08:54]} 29. Rxd8+
{[%clk 0:23:59]} Bxd8 {[%clk 0:07:27]} 30. Rd1 {[%clk 0:20:47]} Be7
{[%clk 0:05:50]} 31. Bb1 {[%clk 0:19:46]} Nd5 {[%clk 0:04:52]} 32. Bd4
{[%clk 0:20:11]} Qc7 {[%clk 0:04:31]} 33. Qe2 {[%clk 0:20:37]} Nf6
{[%clk 0:02:36]} 34. Be5 {[%clk 0:20:13]} Qc8 {[%clk 0:02:51]} 35. Nd2
{[%clk 0:17:59]} Bb5 {[%clk 0:01:51]} 36. Qf3 {[%clk 0:18:09]} Bc6
{[%clk 0:01:43]} 37. Ne4 {[%clk 0:18:03]} Nxe4 {[%clk 0:01:40]} 38. Bxe4
{[%clk 0:18:23]} Bxe4 {[%clk 0:01:02]} 39. Qxe4 {[%clk 0:18:52]} Bxc5
{[%clk 0:00:55]} 40. b4 {[%clk 0:47:00]} Bb6 {[%clk 0:30:42]} 41. Qh7
{[%clk 0:47:22]} Ke7 {[%clk 0:26:37]} 42. Bd6+ {[%clk 0:47:27]} Kf6
{[%clk 0:27:01]} 43. g4 {[%clk 0:47:41]} 1-0

[Event "WYCC Open U16"]
[Site "Porto Carras"]
[Date "2015.10.27"]
[Round "3.18"]
[White "Kantor, Gergely"]
[Black "Tokranovs, Dmitrijs"]
[Result "1-0"]
[BlackElo "2191"]
[WhiteElo "2403"]
[LiveChessVersion "1.4.6"]

1. d4 {[%clk 1:30:58]} d5 {[%clk 1:30:53]} 2. c4 {[%clk 1:31:24]} c6
{[%clk 1:31:15]} 3. Nc3 {[%clk 1:31:35]} e6 {[%clk 1:31:28]} 4. e3
{[%clk 1:31:42]} Nf6 {[%clk 1:31:45]} 5. Nf3 {[%clk 1:31:50]} Nbd7
{[%clk 1:32:01]} 6. Qc2 {[%clk 1:31:50]} Be7 {[%clk 1:31:34]} 7. b3
{[%clk 1:30:23]} b6 {[%clk 1:26:49]} 8. Bb2 {[%clk 1:27:20]} Bb7 {[%clk 1:27:05]}
9. Bd3 {[%clk 1:27:07]} Rc8 {[%clk 1:27:02]} 10. O-O {[%clk 1:21:31]} c5
{[%clk 1:23:06]} 11. Qe2 {[%clk 1:12:37]} Ne4 {[%clk 1:14:49]} 12. cxd5
{[%clk 1:08:19]} exd5 {[%clk 1:09:06]} 13. Ba6 {[%clk 0:40:35]} Nxc3
{[%clk 0:54:53]} 14. Bxc3 {[%clk 0:40:49]} Bxa6 {[%clk 0:54:14]} 15. Qxa6
{[%clk 0:41:15]} c4 {[%clk 0:54:30]} 16. bxc4 {[%clk 0:31:51]} Rxc4
{[%clk 0:54:41]} 17. Bb2 {[%clk 0:25:28]} Qb8 {[%clk 0:38:33]} 18. Ba3
{[%clk 0:23:06]} Bxa3 {[%clk 0:30:31]} 19. Qxa3 {[%clk 0:23:23]} b5
{[%clk 0:30:58]} 20. Rfc1 {[%clk 0:21:06]} b4 {[%clk 0:24:17]} 21. Qa4
{[%clk 0:20:28]} Ke7 {[%clk 0:24:11]} 22. Nd2 {[%clk 0:14:50]} Rxc1+
{[%clk 0:18:26]} 23. Rxc1 {[%clk 0:15:16]} Qb6 {[%clk 0:18:19]} 24. Rc6
{[%clk 0:14:46]} Qb7 {[%clk 0:18:20]} 25. Nb3 {[%clk 0:13:11]} a5
{[%clk 0:14:32]} 26. Nxa5 {[%clk 0:11:20]} Ra8 {[%clk 0:14:53]} 27. Rc1
{[%clk 0:08:22]} Kf8 {[%clk 0:03:40]} 28. Qc6 {[%clk 0:05:06]} Qa6
{[%clk 0:01:08]} 29. Qxd7 {[%clk 0:02:55]} Qxa5 {[%clk 0:01:37]} 30. Rc7
{[%clk 0:02:57]} Qxc7 {[%clk 0:01:25]} 31. Qxc7 {[%clk 0:03:23]} b3
{[%clk 0:01:48]} 32. a3 {[%clk 0:03:02]} b2 {[%clk 0:01:26]} 33. Qb7
{[%clk 0:03:05]} 1-0

[Event "WYCC Open U16"]
[Site "Porto Carras"]
[Date "2015.10.28"]
[Round "4.1"]
[White "Rambaldi, Francesco"]
[Black "Wheeler, Cameron"]
[Result "1/2-1/2"]
[BlackElo "2356"]
[WhiteElo "2547"]
[LiveChessVersion "1.4.6"]

1. c4 {[%clk 1:30:14]} e5 {[%clk 1:30:54]} 2. Nc3 {[%clk 1:30:16]} Nc6
{[%clk 1:31:20]} 3. Nf3 {[%clk 1:30:38]} f5 {[%clk 1:31:31]} 4. d4
{[%clk 1:24:42]} e4 {[%clk 1:31:12]} 5. Ng5 {[%clk 1:17:50]} h6 {[%clk 1:26:10]}
6. Nh3 {[%clk 1:17:14]} g5 {[%clk 1:25:53]} 7. e3 {[%clk 1:02:08]} Nf6
{[%clk 1:23:45]} 8. f3 {[%clk 1:00:49]} exf3 {[%clk 1:16:41]} 9. gxf3
{[%clk 1:01:09]} Bg7 {[%clk 1:08:27]} 10. Bg2 {[%clk 0:42:36]} O-O
{[%clk 1:04:43]} 11. Nf2 {[%clk 0:40:40]} f4 {[%clk 0:56:59]} 12. e4
{[%clk 0:35:24]} d6 {[%clk 0:54:10]} 13. b3 {[%clk 0:34:50]} g4 {[%clk 0:49:33]}
14. Ne2 {[%clk 0:32:59]} Nh7 {[%clk 0:48:30]} 15. Bb2 {[%clk 0:28:08]} Qh4
{[%clk 0:47:47]} 16. Ng1 {[%clk 0:26:47]} Ng5 {[%clk 0:29:49]} 17. Qd3
{[%clk 0:26:06]} Ne6 {[%clk 0:24:06]} 1/2-1/2

[Event "WYCC Open U16"]
[Site "Porto Carras"]
[Date "2015.10.28"]
[Round "4.2"]
[White "Mihajlov, Sebastian"]
[Black "Fawzy, Adham"]
[Result "0-1"]
[BlackElo "2483"]
[WhiteElo "2336"]
[LiveChessVersion "1.4.6"]

1. d4 {[%clk 1:30:57]} Nf6 {[%clk 1:30:46]} 2. c4 {[%clk 1:31:17]} e6
{[%clk 1:31:10]} 3. Nf3 {[%clk 1:31:41]} Bb4+ {[%clk 1:31:33]} 4. Nbd2
{[%clk 1:32:03]} O-O {[%clk 1:31:16]} 5. e3 {[%clk 1:32:15]} b6 {[%clk 1:29:51]}
6. a3 {[%clk 1:32:25]} Bxd2+ {[%clk 1:30:09]} 7. Qxd2 {[%clk 1:32:50]} a5
{[%clk 1:28:46]} 8. b3 {[%clk 1:32:13]} d6 {[%clk 1:28:55]} 9. Bb2
{[%clk 1:31:56]} Ne4 {[%clk 1:24:46]} 10. Qc2 {[%clk 1:31:12]} f5
{[%clk 1:22:25]} 11. Bd3 {[%clk 1:27:10]} Bb7 {[%clk 1:20:15]} 12. O-O
{[%clk 1:23:29]} Nd7 {[%clk 1:16:33]} 13. Rac1 {[%clk 1:13:38]} Ng5
{[%clk 1:01:58]} 14. Nxg5 {[%clk 1:05:25]} Qxg5 {[%clk 1:01:06]} 15. f4
{[%clk 1:05:52]} Qg6 {[%clk 0:50:58]} 16. Rce1 {[%clk 0:59:53]} c5
{[%clk 0:23:45]} 17. e4 {[%clk 0:56:06]} fxe4 {[%clk 0:24:08]} 18. Bxe4
{[%clk 0:56:29]} Bxe4 {[%clk 0:24:31]} 19. Qxe4 {[%clk 0:56:55]} Qxe4
{[%clk 0:24:56]} 20. Rxe4 {[%clk 0:57:21]} Rfe8 {[%clk 0:24:33]} 21. Rfe1
{[%clk 0:56:26]} Kf7 {[%clk 0:23:40]} 22. dxc5 {[%clk 0:50:39]} bxc5
{[%clk 0:20:03]} 23. a4 {[%clk 0:45:55]} Rab8 {[%clk 0:15:14]} 24. R4e3
{[%clk 0:45:40]} Rb6 25. Kf1 {[%clk 0:35:24]} Nf8 {[%clk 0:10:26]} 26. Rd3
{[%clk 0:33:50]} Reb8 {[%clk 0:09:10]} 27. Ree3 {[%clk 0:34:16]} R8b7
{[%clk 0:08:08]} 28. Bc1 {[%clk 0:29:59]} Rd7 {[%clk 0:07:41]} 29. Bd2
{[%clk 0:30:13]} Ra6 {[%clk 0:07:42]} 30. Re1 {[%clk 0:24:25]} Ng6
{[%clk 0:06:57]} 31. Rde3 {[%clk 0:24:16]} d5 {[%clk 0:06:57]} 32. cxd5
{[%clk 0:22:30]} Rxd5 {[%clk 0:07:26]} 33. Bc3 {[%clk 0:21:24]} Nxf4
{[%clk 0:04:38]} 34. Rf3 {[%clk 0:21:49]} g5 {[%clk 0:05:08]} 35. g3
{[%clk 0:13:17]} Rd3 {[%clk 0:04:57]} 36. Rxd3 {[%clk 0:12:59]} Nxd3
{[%clk 0:05:25]} 37. Rd1 {[%clk 0:13:21]} Nb4 {[%clk 0:04:50]} 38. Rd7+
{[%clk 0:13:49]} Kg6 {[%clk 0:04:56]} 39. Rg7+ {[%clk 0:13:15]} Kf5
{[%clk 0:00:50]} 40. Rxh7 {[%clk 0:43:41]} Nd5 {[%clk 0:31:09]} 41. Bd2
{[%clk 0:43:47]} Rb6 {[%clk 0:19:36]} 42. Rh5 {[%clk 0:38:53]} Kg4
{[%clk 0:18:33]} 43. Rxg5+ {[%clk 0:39:08]} Kf3 {[%clk 0:19:03]} 44. Bxa5
{[%clk 0:18:09]} Rxb3 {[%clk 0:19:31]} 45. Ke1 {[%clk 0:18:34]} c4
{[%clk 0:08:32]} 46. Re5 {[%clk 0:16:26]} Ra3 {[%clk 0:04:03]} 47. Rxe6
{[%clk 0:16:13]} Rxa4 {[%clk 0:04:04]} 48. Rc6 {[%clk 0:07:57]} Ra2
{[%clk 0:03:01]} 49. Bb6 {[%clk 0:07:49]} c3 {[%clk 0:02:43]} 50. Kd1
{[%clk 0:07:19]} Ra1+ {[%clk 0:02:56]} 0-1

[Event "WYCC Open U16"]
[Site "Porto Carras"]
[Date "2015.10.28"]
[Round "4.3"]
[White "Costachi, Mihnea"]
[Black "Agmanov, Zhandos"]
[Result "1/2-1/2"]
[BlackElo "2167"]
[WhiteElo "2407"]
[LiveChessVersion "1.4.6"]

1. d4 {[%clk 1:30:57]} Nf6 {[%clk 1:30:49]} 2. c4 {[%clk 1:31:15]} e6
{[%clk 1:31:07]} 3. Nf3 {[%clk 1:31:13]} d5 {[%clk 1:31:10]} 4. Nc3
{[%clk 1:31:09]} Bb4 {[%clk 1:30:48]} 5. cxd5 {[%clk 1:24:19]} exd5
{[%clk 1:31:04]} 6. Bg5 {[%clk 1:21:39]} h6 {[%clk 1:27:57]} 7. Bh4
{[%clk 1:20:19]} g5 {[%clk 1:14:53]} 8. Bg3 {[%clk 1:20:21]} c5 {[%clk 1:13:58]}
9. Bxb8 {[%clk 1:15:22]} Rxb8 {[%clk 1:14:04]} 10. dxc5 {[%clk 1:15:39]} Bxc5
{[%clk 1:01:26]} 11. e3 {[%clk 1:15:38]} Bg4 {[%clk 0:57:24]} 12. h4
{[%clk 1:11:22]} Rg8 {[%clk 0:52:18]} 13. hxg5 {[%clk 1:09:02]} hxg5
{[%clk 0:52:40]} 14. Be2 {[%clk 1:02:02]} Bxf3 {[%clk 0:49:59]} 15. Bb5+ Kf8
{[%clk 0:36:59]} 16. Qxf3 {[%clk 0:52:54]} Bb4 {[%clk 0:36:07]} 17. Rd1
{[%clk 0:43:19]} Ne4 {[%clk 0:29:32]} 18. Bd3 {[%clk 0:23:24]} Nxc3 19. bxc3
{[%clk 0:23:23]} Bxc3+ {[%clk 0:25:02]} 20. Kf1 {[%clk 0:23:39]} Rh8
{[%clk 0:24:39]} 21. Rxh8+ {[%clk 0:23:48]} Bxh8 {[%clk 0:25:08]} 22. Be4
{[%clk 0:17:00]} Qf6 {[%clk 0:24:58]} 23. Rxd5 {[%clk 0:17:07]} Qxf3
{[%clk 0:24:42]} 24. gxf3 {[%clk 0:17:06]} Bf6 {[%clk 0:25:05]} 25. Rd7
{[%clk 0:17:09]} Ke8 {[%clk 0:25:18]} 26. Rxb7 {[%clk 0:16:27]} Rxb7
{[%clk 0:25:44]} 27. Bxb7 {[%clk 0:16:54]} a5 {[%clk 0:25:58]} 28. Kg2
{[%clk 0:16:48]} Ke7 {[%clk 0:26:18]} 29. Kg3 {[%clk 0:16:53]} Be5+
{[%clk 0:26:44]} 30. Kg4 {[%clk 0:17:02]} f6 {[%clk 0:27:09]} 31. a4
{[%clk 0:17:13]} Bc7 {[%clk 0:27:23]} 32. Bd5 {[%clk 0:17:29]} Bd6
{[%clk 0:27:48]} 33. Kf5 {[%clk 0:16:58]} Bh2 {[%clk 0:28:07]} 34. f4
{[%clk 0:16:58]} gxf4 {[%clk 0:28:15]} 35. e4 {[%clk 0:17:17]} Bg1
{[%clk 0:28:37]} 36. f3 {[%clk 0:17:40]} Be3 {[%clk 0:29:02]} 37. e5
{[%clk 0:17:45]} fxe5 {[%clk 0:29:28]} 1/2-1/2

[Event "WYCC Open U16"]
[Site "Porto Carras"]
[Date "2015.10.28"]
[Round "4.4"]
[White "Martirosyan, Haik M."]
[Black "Lorparizangeneh, Shahin"]
[Result "0-1"]
[BlackElo "2440"]
[WhiteElo "2366"]
[LiveChessVersion "1.4.6"]

1. d4 {[%clk 1:30:55]} Nf6 {[%clk 1:30:24]} 2. c4 {[%clk 1:31:11]} g6
{[%clk 1:30:48]} 3. Nc3 {[%clk 1:31:32]} d5 {[%clk 1:31:14]} 4. Nf3
{[%clk 1:31:29]} Bg7 {[%clk 1:31:38]} 5. Bf4 {[%clk 1:31:35]} O-O
{[%clk 1:31:42]} 6. e3 {[%clk 1:31:43]} c5 {[%clk 1:31:42]} 7. dxc5
{[%clk 1:31:26]} Ne4 {[%clk 1:31:49]} 8. Rc1 {[%clk 1:28:51]} Nd7
{[%clk 1:31:42]} 9. cxd5 {[%clk 1:26:13]} Qa5 {[%clk 1:31:48]} 10. Nd4
{[%clk 1:06:50]} Nxc3 {[%clk 1:32:00]} 11. bxc3 {[%clk 1:03:50]} Qxa2
{[%clk 1:31:44]} 12. c6 {[%clk 1:00:47]} Nc5 {[%clk 1:28:06]} 13. c4
{[%clk 0:46:30]} e5 {[%clk 1:18:10]} 14. dxe6 {[%clk 0:45:46]} fxe6
{[%clk 1:17:39]} 15. Bg3 {[%clk 0:40:53]} Qa5+ {[%clk 1:11:50]} 16. Qd2
{[%clk 0:25:47]} Qxd2+ {[%clk 1:09:06]} 17. Kxd2 {[%clk 0:26:16]} e5
{[%clk 1:07:32]} 18. Nf3 {[%clk 0:25:11]} Nb3+ {[%clk 1:07:23]} 19. Kc2
{[%clk 0:25:29]} Nxc1 {[%clk 1:07:47]} 20. Kxc1 {[%clk 0:25:52]} bxc6
{[%clk 1:07:19]} 21. Bd3 {[%clk 0:24:32]} Bf5 {[%clk 1:04:13]} 22. e4
{[%clk 0:24:10]} Bg4 {[%clk 1:04:21]} 23. Nd2 {[%clk 0:23:28]} a5
{[%clk 1:01:16]} 24. Kc2 {[%clk 0:22:10]} a4 {[%clk 1:01:07]} 25. Ra1
{[%clk 0:21:31]} Rfd8 {[%clk 1:00:36]} 26. h3 {[%clk 0:20:19]} Be6
{[%clk 1:00:10]} 27. Kc3 {[%clk 0:18:31]} a3 {[%clk 0:55:02]} 28. Ra2
{[%clk 0:16:24]} Bf8 {[%clk 0:48:09]} 29. Bxe5 Ra4 {[%clk 0:41:14]} 30. Kc2
{[%clk 0:11:52]} Bb4 {[%clk 0:35:29]} 31. Bc3 {[%clk 0:10:42]} Bc5
{[%clk 0:33:26]} 32. f3 {[%clk 0:09:49]} Be3 {[%clk 0:32:34]} 33. Nb3
{[%clk 0:10:12]} c5 {[%clk 0:27:53]} 34. Be2 {[%clk 0:05:42]} Kf7
{[%clk 0:25:09]} 35. Na5 {[%clk 0:03:33]} Ra8 {[%clk 0:14:07]} 36. Nc6
{[%clk 0:03:03]} Bf4 {[%clk 0:14:06]} 37. Kb3 {[%clk 0:02:18]} R4a6
{[%clk 0:14:09]} 38. Ne5+ {[%clk 0:02:38]} Ke7 {[%clk 0:13:48]} 39. Nd3
{[%clk 0:01:51]} Rb6+ {[%clk 0:11:30]} 40. Kc2 {[%clk 0:32:20]} Bxc4
{[%clk 0:41:50]} 41. Nc1 {[%clk 0:26:55]} Bxa2 {[%clk 0:41:28]} 42. Nxa2
{[%clk 0:26:06]} Rab8 {[%clk 0:41:55]} 43. Bc4 {[%clk 0:26:26]} Rb1
{[%clk 0:42:10]} 44. Bd5 {[%clk 0:25:47]} Rg1 {[%clk 0:42:23]} 0-1

[Event "WYCC Open U16"]
[Site "Porto Carras"]
[Date "2015.10.28"]
[Round "4.5"]
[White "Santos Ruiz, Miguel"]
[Black "Muthaiah, Al"]
[Result "1-0"]
[BlackElo "2316"]
[WhiteElo "2431"]
[LiveChessVersion "1.4.6"]

1. e4 {[%clk 1:30:57]} c5 {[%clk 1:30:08]} 2. Nf3 {[%clk 1:31:18]} e6
{[%clk 1:30:08]} 3. d4 {[%clk 1:31:38]} cxd4 {[%clk 1:30:15]} 4. Nxd4
{[%clk 1:32:05]} a6 {[%clk 1:30:10]} 5. c4 {[%clk 1:32:24]} Nf6 {[%clk 1:29:59]}
6. Nc3 {[%clk 1:32:43]} Bb4 {[%clk 1:29:02]} 7. Qd3 {[%clk 1:32:57]} Qc7
{[%clk 1:24:36]} 8. a3 {[%clk 1:31:13]} Bxc3+ {[%clk 1:24:06]} 9. Qxc3
{[%clk 1:31:38]} Nxe4 {[%clk 1:20:39]} 10. Nb5 {[%clk 1:31:27]} axb5
{[%clk 1:15:26]} 11. Qxg7 {[%clk 1:31:42]} Rf8 {[%clk 1:11:52]} 12. Bh6
{[%clk 1:30:52]} Qd6 {[%clk 1:08:06]} 13. cxb5 {[%clk 1:18:10]} f5
{[%clk 1:03:55]} 14. Rc1 {[%clk 1:16:14]} Nc6 {[%clk 0:55:17]} 15. Qxf8+
{[%clk 1:15:30]} Qxf8 {[%clk 0:55:38]} 16. Bxf8 {[%clk 1:15:57]} Kxf8
{[%clk 0:54:40]} 17. bxc6 {[%clk 1:16:22]} bxc6 {[%clk 0:54:56]} 18. Bd3
{[%clk 1:05:04]} Nf6 {[%clk 0:54:21]} 19. Kd2 {[%clk 0:57:47]} Ba6
{[%clk 0:52:52]} 20. Ra1 {[%clk 0:41:44]} Ke7 {[%clk 0:50:49]} 21. b4
{[%clk 0:41:17]} Nd5 {[%clk 0:49:05]} 22. g3 {[%clk 0:32:39]} Kd6
{[%clk 0:45:55]} 23. Rhb1 {[%clk 0:30:09]} Bxd3 {[%clk 0:44:41]} 24. Kxd3
{[%clk 0:30:22]} Kc7 {[%clk 0:45:02]} 25. a4 {[%clk 0:28:56]} Kb6
{[%clk 0:43:35]} 26. Kc4 {[%clk 0:27:38]} Rc8 {[%clk 0:40:52]} 27. Rb2
{[%clk 0:20:03]} h5 {[%clk 0:40:11]} 28. Kd4 {[%clk 0:17:47]} d6 {[%clk 0:36:41]}
29. Kd3 {[%clk 0:14:38]} Ra8 {[%clk 0:33:35]} 30. Kc4 {[%clk 0:14:51]} h4
{[%clk 0:28:47]} 31. Re2 {[%clk 0:13:42]} hxg3 {[%clk 0:28:40]} 32. hxg3
{[%clk 0:13:54]} Nc7 {[%clk 0:27:40]} 33. Rd2 {[%clk 0:13:22]} Nd5
{[%clk 0:26:48]} 34. a5+ {[%clk 0:13:16]} Kc7 {[%clk 0:25:39]} 35. Rh1
{[%clk 0:11:39]} Nf6 {[%clk 0:25:20]} 36. Rh6 {[%clk 0:11:22]} Rf8
{[%clk 0:25:22]} 37. b5 {[%clk 0:08:42]} d5+ {[%clk 0:20:24]} 38. Kb3
{[%clk 0:06:51]} cxb5 {[%clk 0:20:24]} 39. Kb4 {[%clk 0:06:12]} Kd6
{[%clk 0:12:37]} 40. f3 {[%clk 0:34:03]} Nd7 {[%clk 0:39:24]} 41. a6
{[%clk 0:08:02]} Nb8 {[%clk 0:38:10]} 42. Kxb5 {[%clk 0:08:13]} f4
{[%clk 0:34:04]} 43. Re2 {[%clk 0:04:30]} fxg3 {[%clk 0:32:54]} 44. Rhxe6+
{[%clk 0:04:53]} Kc7 {[%clk 0:32:58]} 45. a7 {[%clk 0:04:25]} Nd7
{[%clk 0:33:16]} 46. Re8 {[%clk 0:04:33]} Rxf3 {[%clk 0:33:00]} 47. Rc2+
{[%clk 0:04:52]} 1-0

[Event "WYCC Open U16"]
[Site "Porto Carras"]
[Date "2015.10.28"]
[Round "4.6"]
[White "Shtembuliak, Evgeny"]
[Black "Thorgeirsson, Jon Kristinn"]
[Result "1-0"]
[BlackElo "2282"]
[WhiteElo "2416"]
[LiveChessVersion "1.4.6"]

1. Nf3 {[%clk 1:30:56]} Nf6 {[%clk 1:30:52]} 2. d4 {[%clk 1:30:51]} d5
{[%clk 1:31:14]} 3. e3 {[%clk 1:28:50]} e6 {[%clk 1:30:09]} 4. c4
{[%clk 1:28:38]} Be7 {[%clk 1:29:32]} 5. Nc3 {[%clk 1:28:40]} O-O
{[%clk 1:29:38]} 6. Qc2 {[%clk 1:21:12]} Nbd7 {[%clk 1:24:45]} 7. g4
{[%clk 1:14:15]} dxc4 {[%clk 1:22:44]} 8. Bxc4 {[%clk 1:08:44]} Nxg4
{[%clk 1:13:30]} 9. Rg1 {[%clk 1:06:29]} Nb6 {[%clk 1:13:15]} 10. Bd3
{[%clk 1:03:47]} f5 {[%clk 1:12:47]} 11. Rxg4 {[%clk 0:54:31]} fxg4
{[%clk 1:12:57]} 12. Bxh7+ {[%clk 0:54:17]} Kh8 {[%clk 1:13:09]} 13. Ne5
{[%clk 0:54:40]} Bf6 {[%clk 1:06:53]} 14. Ng6+ {[%clk 0:53:08]} Kxh7
{[%clk 1:07:19]} 15. Nxf8+ {[%clk 0:53:31]} Kg8 {[%clk 1:07:23]} 16. Ng6
{[%clk 0:53:49]} Nd5 {[%clk 0:58:43]} 17. Ne2 {[%clk 0:36:37]} a5
{[%clk 0:44:22]} 18. a3 {[%clk 0:35:31]} Qd6 {[%clk 0:38:58]} 19. Ng3
{[%clk 0:27:33]} Nb6 {[%clk 0:24:33]} 20. Bd2 Ra6 {[%clk 0:23:48]} 21. Rc1
{[%clk 0:23:28]} c6 {[%clk 0:21:45]} 22. Qe4 {[%clk 0:22:17]} Qd5
{[%clk 0:17:18]} 23. Rc5 {[%clk 0:20:07]} Qxe4 {[%clk 0:16:42]} 24. Nxe4
{[%clk 0:20:35]} a4 {[%clk 0:15:08]} 25. Rh5 {[%clk 0:13:14]} Kf7
{[%clk 0:13:39]} 26. Ne5+ {[%clk 0:11:42]} Bxe5 {[%clk 0:11:46]} 27. dxe5
{[%clk 0:11:28]} Nc4 {[%clk 0:11:39]} 28. Rh8 {[%clk 0:11:26]} Ra8
{[%clk 0:11:06]} 29. Nd6+ {[%clk 0:11:44]} 1-0

[Event "WYCC Open U16"]
[Site "Porto Carras"]
[Date "2015.10.28"]
[Round "4.7"]
[White "Tahbaz, Arash"]
[Black "Sarana, Alexey"]
[Result "0-1"]
[BlackElo "2413"]
[WhiteElo "2350"]
[LiveChessVersion "1.4.6"]

1. e4 {[%clk 1:30:54]} c5 {[%clk 1:30:53]} 2. Nf3 {[%clk 1:31:18]} d6
{[%clk 1:31:19]} 3. d4 {[%clk 1:31:45]} cxd4 {[%clk 1:31:42]} 4. Nxd4
{[%clk 1:32:10]} Nf6 {[%clk 1:32:06]} 5. Nc3 {[%clk 1:32:35]} a6 {[%clk 1:32:26]}
6. f3 {[%clk 1:32:01]} e5 {[%clk 1:32:49]} 7. Nb3 {[%clk 1:32:23]} Be6
{[%clk 1:33:08]} 8. Be3 {[%clk 1:32:44]} Be7 {[%clk 1:33:28]} 9. Qd2
{[%clk 1:33:07]} Nbd7 {[%clk 1:33:51]} 10. Nd5 {[%clk 1:33:17]} Nxd5
{[%clk 1:33:54]} 11. exd5 {[%clk 1:33:40]} Bf5 {[%clk 1:34:19]} 12. Be2
{[%clk 1:30:19]} a5 {[%clk 1:34:25]} 13. Rc1 {[%clk 1:23:26]} O-O
{[%clk 1:30:12]} 14. c4 {[%clk 1:22:12]} a4 {[%clk 1:17:12]} 15. Na1
{[%clk 1:22:31]} e4 {[%clk 1:17:18]} 16. f4 {[%clk 1:19:46]} Nc5 {[%clk 1:16:15]}
17. O-O {[%clk 1:11:48]} Nd3 {[%clk 1:15:44]} 18. Rb1 {[%clk 1:09:50]} Qc8
{[%clk 1:08:37]} 19. b3 {[%clk 1:05:07]} axb3 {[%clk 1:08:09]} 20. axb3
{[%clk 1:05:23]} Bf6 {[%clk 1:07:28]} 21. Qd1 {[%clk 0:57:16]} Ra2
{[%clk 0:58:13]} 22. Nc2 {[%clk 0:52:30]} b5 {[%clk 0:56:21]} 23. Bxd3
{[%clk 0:48:02]} exd3 {[%clk 0:56:39]} 24. Nb4 {[%clk 0:48:06]} Re2
{[%clk 0:56:09]} 25. Bf2 {[%clk 0:40:29]} bxc4 {[%clk 0:56:23]} 26. bxc4
{[%clk 0:33:25]} Qxc4 {[%clk 0:56:41]} 27. Nc6 {[%clk 0:25:26]} Qxd5
{[%clk 0:56:34]} 28. Qa4 {[%clk 0:25:12]} Be4 {[%clk 0:53:57]} 29. Nb4
{[%clk 0:24:46]} Qf5 {[%clk 0:54:11]} 0-1

[Event "WYCC Open U16"]
[Site "Porto Carras"]
[Date "2015.10.28"]
[Round "4.8"]
[White "Papadopoulos, Argirios"]
[Black "Kantor, Gergely"]
[Result "0-1"]
[BlackElo "2403"]
[WhiteElo "2267"]
[LiveChessVersion "1.4.6"]

1. e4 {[%clk 1:30:23]} e5 {[%clk 1:30:52]} 2. Nf3 {[%clk 1:28:27]} Nc6
{[%clk 1:31:15]} 3. Nc3 {[%clk 1:28:51]} Nf6 {[%clk 1:30:50]} 4. Bb5
{[%clk 1:29:13]} Bc5 {[%clk 1:29:50]} 5. O-O {[%clk 1:29:28]} O-O
{[%clk 1:29:10]} 6. Nxe5 {[%clk 1:29:49]} Nxe5 {[%clk 1:28:50]} 7. d4
{[%clk 1:30:15]} Bd6 {[%clk 1:27:46]} 8. f4 {[%clk 1:29:48]} Neg4
{[%clk 1:26:30]} 9. e5 {[%clk 1:29:02]} Be7 {[%clk 1:25:08]} 10. h3
{[%clk 1:24:06]} d6 {[%clk 1:23:18]} 11. Be2 {[%clk 1:21:26]} dxe5
{[%clk 1:18:05]} 12. fxe5 {[%clk 1:09:49]} Nxe5 {[%clk 1:16:19]} 13. dxe5
{[%clk 1:09:45]} Qxd1 {[%clk 1:04:24]} 14. Rxd1 {[%clk 1:07:26]} Nd7
{[%clk 1:02:02]} 15. Bf4 {[%clk 0:41:53]} Nc5 {[%clk 1:00:16]} 16. Bf3
{[%clk 0:33:33]} Bf5 {[%clk 0:54:28]} 17. Rd2 {[%clk 0:29:50]} c6
{[%clk 0:51:59]} 18. Rad1 {[%clk 0:26:35]} Ne6 {[%clk 0:33:48]} 19. Be3
{[%clk 0:25:38]} Bb4 {[%clk 0:31:39]} 20. a3 {[%clk 0:18:25]} Ba5
{[%clk 0:29:32]} 21. Rd7 {[%clk 0:07:44]} Nd8 {[%clk 0:20:31]} 22. R7d2
{[%clk 0:04:44]} Re8 {[%clk 0:18:56]} 23. Bc5 {[%clk 0:00:35]} Ne6
{[%clk 0:16:49]} 24. Bd6 {[%clk 0:00:35]} Ng5 {[%clk 0:14:19]} 25. Kf2
{[%clk 0:00:32]} Bb6+ {[%clk 0:11:20]} 26. Kg3 {[%clk 0:01:01]} Nxf3
{[%clk 0:10:36]} 27. gxf3 {[%clk 0:00:32]} Re6 {[%clk 0:10:41]} 28. Rg2
{[%clk 0:00:32]} Be3 {[%clk 0:10:11]} 29. Ne2 {[%clk 0:00:32]} Bxc2
{[%clk 0:09:14]} 30. Re1 {[%clk 0:00:59]} Rg6+ {[%clk 0:07:01]} 31. Kh2
{[%clk 0:01:20]} Re8 {[%clk 0:06:32]} 32. Rxg6 {[%clk 0:00:58]} Bxg6
{[%clk 0:05:50]} 33. Kg2 {[%clk 0:00:44]} h5 {[%clk 0:04:14]} 34. Kg3
{[%clk 0:00:33]} Bf5 {[%clk 0:03:53]} 35. Kg2 {[%clk 0:00:32]} Bg6
{[%clk 0:01:47]} 36. Rd1 {[%clk 0:00:32]} Bc2 {[%clk 0:01:39]} 37. Re1
{[%clk 0:00:41]} h4 {[%clk 0:01:47]} 38. Kh2 {[%clk 0:00:33]} Re6
{[%clk 0:01:46]} 39. Nc3 {[%clk 0:00:33]} Bf4+ {[%clk 0:02:06]} 40. Kh1
{[%clk 0:30:35]} Bf5 {[%clk 0:31:25]} 41. Ne4 {[%clk 0:15:24]} Bxe5
{[%clk 0:25:36]} 42. Bxe5 {[%clk 0:15:32]} Rxe5 {[%clk 0:26:02]} 43. Rd1
{[%clk 0:15:39]} Bxh3 {[%clk 0:25:41]} 44. Rd8+ {[%clk 0:15:58]} Kh7
{[%clk 0:25:50]} 45. Kh2 {[%clk 0:15:52]} Be6 {[%clk 0:25:38]} 0-1